000 00777cab a2200241 4500
001 WB3029-37
008 090401t1994 xxu||||| |||| 00| 0 eng d
035 _a(Sirsi) u16724
041 _aeng
245 _aEuropean Court of Justice decision in Lubbock Fine case
260 _c1994
350 _a0
490 _aHM Customs and Excise Business Brief
_v(16/94) 25 July 1994, 2-3(1)
520 _aHM Customs and Excise advises on the liability of surrendering leases in the light of the European Court of Justice decision in the Lubbock Fine case.
650 _aEUROPEAN COURT OF JUSTICE
650 _aLIABILITY
650 _aLUBBOCK FINE
650 _aSURRENDER OF LEASES
650 _aVALUE ADDED TAX
690 _aTAXATION
942 _n0
948 _c04/03/1997
999 _c11050
_d11050